000 00899nam a22003257a 4500
001 BR0701350
003 BR-BrBNA
005 20230928102359.0
007 ta
008 230509b bl.||||| |||| 00| 0 por d
040 _aBR-BrBNA
_bpor
_cBiblioteca Nacional de Agricultura
041 _a(Spa, Por)
072 _aP01; E14
090 _ P01 BR0701350
100 1 _aParreira, C.(org.)
100 1 _aAlimonda, H.(org.)
245 1 _aPolíticas públicas ambientais latino-americanas
260 3 _aBrasília, DF (Brasil):
_c2005.
300 _a200 p.
500 _aSeveral bibliography
650 _aPOLÍTICA GOVERNAMENTAL
650 _aMEIO AMBIENTE
650 _aECOLOGIA
650 _aEDUCAÇÃO AMBIENTAL
650 _aRECURSO NATURAL
650 _aDESENVOLVIMENTO SUSTENTÁVEL
650 _aPLANEJAMENTO ESTRATÉGICO
909 _a202309
_bLucia
_c55
_dLucia Elande
942 _cBK
999 _c70483
_d70483